<?xml version="1.0" encoding="UTF-8"?><?xml-stylesheet type="text/xsl" href="static/style.xsl"?><OAI-PMH xmlns="http://www.openarchives.org/OAI/2.0/" xmlns:xsi="http://www.w3.org/2001/XMLSchema-instance" xsi:schemaLocation="http://www.openarchives.org/OAI/2.0/ http://www.openarchives.org/OAI/2.0/OAI-PMH.xsd"><responseDate>2026-06-30T04:09:31Z</responseDate><request verb="GetRecord" identifier="oai:riubu.ubu.es:10259/11468" metadataPrefix="marc">https://riubu.ubu.es/oai/request</request><GetRecord><record><header><identifier>oai:riubu.ubu.es:10259/11468</identifier><datestamp>2026-03-05T12:22:31Z</datestamp><setSpec>com_10259.4_2539</setSpec><setSpec>com_10259_5086</setSpec><setSpec>com_10259_2604</setSpec><setSpec>col_10259.4_2540</setSpec></header><metadata><record xmlns="http://www.loc.gov/MARC21/slim" xmlns:doc="http://www.lyncode.com/xoai" xmlns:xsi="http://www.w3.org/2001/XMLSchema-instance" xmlns:dcterms="http://purl.org/dc/terms/" xsi:schemaLocation="http://www.loc.gov/MARC21/slim http://www.loc.gov/standards/marcxml/schema/MARC21slim.xsd">
<leader>00925njm 22002777a 4500</leader>
<datafield tag="042" ind1=" " ind2=" ">
<subfield code="a">dc</subfield>
</datafield>
<datafield tag="720" ind1=" " ind2=" ">
<subfield code="a">González-Rabanal, Borja</subfield>
<subfield code="e">author</subfield>
</datafield>
<datafield tag="720" ind1=" " ind2=" ">
<subfield code="a">Vidal Cordasco, Marco Adolfo</subfield>
<subfield code="e">author</subfield>
</datafield>
<datafield tag="720" ind1=" " ind2=" ">
<subfield code="a">Jones, Jennifer R.</subfield>
<subfield code="e">author</subfield>
</datafield>
<datafield tag="720" ind1=" " ind2=" ">
<subfield code="a">Agudo Pérez, Lucía</subfield>
<subfield code="e">author</subfield>
</datafield>
<datafield tag="720" ind1=" " ind2=" ">
<subfield code="a">Carmona Ballestero, Eduardo</subfield>
<subfield code="e">author</subfield>
</datafield>
<datafield tag="720" ind1=" " ind2=" ">
<subfield code="a">López, Belén</subfield>
<subfield code="e">author</subfield>
</datafield>
<datafield tag="720" ind1=" " ind2=" ">
<subfield code="a">Martín Merino, Miguel Ángel</subfield>
<subfield code="e">author</subfield>
</datafield>
<datafield tag="720" ind1=" " ind2=" ">
<subfield code="a">Ortega Martínez, Ana Isabel</subfield>
<subfield code="e">author</subfield>
</datafield>
<datafield tag="720" ind1=" " ind2=" ">
<subfield code="a">Straus, Lawrence G.</subfield>
<subfield code="e">author</subfield>
</datafield>
<datafield tag="720" ind1=" " ind2=" ">
<subfield code="a">Stevens, Rhiannon E.</subfield>
<subfield code="e">author</subfield>
</datafield>
<datafield tag="720" ind1=" " ind2=" ">
<subfield code="a">Vega Maeso, Cristina</subfield>
<subfield code="e">author</subfield>
</datafield>
<datafield tag="720" ind1=" " ind2=" ">
<subfield code="a">González Morales, Manuel R.</subfield>
<subfield code="e">author</subfield>
</datafield>
<datafield tag="720" ind1=" " ind2=" ">
<subfield code="a">Marín-Arroyo, Ana B.</subfield>
<subfield code="e">author</subfield>
</datafield>
<datafield tag="260" ind1=" " ind2=" ">
<subfield code="c">2025-08</subfield>
</datafield>
<datafield tag="520" ind1=" " ind2=" ">
<subfield code="a">Population movements constitute a significant driver of cultural change in prehistoric societies. In recent years, sulfur isotopes have emerged as a valuable approach for distinguishing human/animal provenance. However, the scarcity of sulfur isotope studies and the lack of baseline maps predicting their variations in the landscape limit our current knowledge about mobility behaviours. Here, we first present the δ34S isotope values of 142 human and animal bone collagen samples from coastal and inland funerary sites located in northern Iberia. Second, to apply a multivariate machine-learning regression and a random forest model to predict sulfur isotope variations across Iberia, we compiled the sulfur isotope data from 554 specimens of 41 archaeological locations from Holocene contexts. Our research demonstrated that population movement between coastal and inland locations is observable through differences in the δ34S isotope values of individuals linked to their respective environments, suggesting migrations on both sides of the Cantabrian mountain range. The resulting isoscape model demonstrates that sulfur isotope patterns are highly predictable, with 82% of the sulfur isotope variation explained by only four variables: elevation, Bouguer anomaly, distance from the coast, and strontium isotope values. While the model is highly accurate for regions with large amounts of data, such as northern Iberia, Central and Eastern Iberia still require more sulfur isotope data to predict isoscapes.</subfield>
</datafield>
<datafield tag="024" ind2=" " ind1="8">
<subfield code="a">1932-6203</subfield>
</datafield>
<datafield tag="024" ind2=" " ind1="8">
<subfield code="a">https://hdl.handle.net/10259/11468</subfield>
</datafield>
<datafield tag="024" ind2=" " ind1="8">
<subfield code="a">10.1371/JOURNAL.PONE.0330249</subfield>
</datafield>
<datafield tag="024" ind2=" " ind1="8">
<subfield code="a">1932-6203</subfield>
</datafield>
<datafield tag="245" ind1="0" ind2="0">
<subfield code="a">Sulfur as a proxy for identifying coast-inland human mobility in Northern Iberia during Late Prehistory</subfield>
</datafield>
</record></metadata></record></GetRecord></OAI-PMH>